Miss Peregrine et les Enfants Particuliers - Personnages par image - Statistiques

Statistiques générales
  • Ce quiz a été pris 123 fois
  • Le résultat moyen est 8 sur 13
Statistiques - réponses
Par images Réponse % Correct
Emma Bloom
91%
Miss Alma Peregrine
89%
Jacob/Jake Portman
85%
Olive Abraholos Elephanta
78%
Claire Densmore
63%
Victor Bruntley
61%
Enoch O'Connor
59%
Les Jumeaux
58%
Millard Nullings
57%
Horace Somnusson
48%
Bronwyn Bruntely
30%
Miss Avocett
28%
Mr. Barron
7%
Aucun quiz correspondant
Distribution des résultats
% des personnes avec chaque résultat
Percentile par nombre de réponses
Votre historique - résultats
Vous n’avez pas pris ce quiz